Länder mit nur einer Silbermedaille bei den Olympischen Sommerspielen - Statistiken

Allgemein
  • Dieses Quiz wurde 3 mal gespielt
  • Das Durchschnittsergebnis liegt bei 16 aus 31
Antwortstatistiken
Gesamt Gold Silber Bronze Land % Korrekt
2 0 1 1 Haiti
100%
1 0 1 0 Paraguay
100%
2 0 1 1 Botswana
67%
2 1 1 0 Burundi
67%
4 1 1 2 Costa Rica
67%
1 0 1 0 Gabun
67%
5 0 1 4 Ghana
67%
1 0 1 0 Guatemala
67%
2 1 1 0 Luxemburg
67%
1 0 1 0 Samoa
67%
1 0 1 0 Sudan
67%
4 1 1 2 Tadschikistan
67%
1 0 1 0 Tonga
67%
1 0 1 0 Turkmenistan
67%
4 0 1 3 Böhmen
33%
1 0 1 0 Britische Jungferninseln
33%
4 1 1 2 Elfenbeinküste
33%
3 1 1 1 Grenada
33%
13 3 1 9 Israel
33%
3 1 1 1 Jordanien
33%
6 3 1 2 Kamerun
33%
8 2 1 5 Katar
33%
1 0 1 0 Montenegro
33%
1 0 1 0 Niederländische Antillen
33%
2 0 1 1 Niger
33%
2 0 1 1 Nordmazedonien
33%
2 0 1 1 Sambia
33%
3 0 1 2 San Marino
33%
1 0 1 0 Senegal
33%
4 1 1 2 Syrien
33%
1 0 1 0 Zypern
33%
Keine übereinstimmenden Quizze gefunden
Verteilung der Resultate
Anzahl Personen mit jedem Resultat
Perzentil nach korrekt beantworteten Fragen
Ihre Resultats-Entwicklung
Sie haben dieses Quiz noch nicht gespielt